Statistics for Basic Japanese Verbs 1

Click here to take the quiz!

General Stats

  • This quiz has been taken 18 times
  • The average score is 23 of 44

Answer Stats

HintAnswer% Correct
To see, to look見る
100%
To be, to exist (inanimate objects)ある
92%
To be, to exist (animte subjects)いる
85%
To read読む
85%
To eat食べる
85%
To drink飲む
85%
To do, to carry outする
77%
To go, to head to行く
77%
To hear, to listen to聞く
77%
To get up, to wake up起きる
77%
To come来る
69%
To sing歌う
69%
To go home帰る
69%
To finish, to come to an end終わる
62%
To write書く
62%
To work, to labour働く
62%
To buy, to purchase買う
62%
To sleep, to go to bed寝る
62%
To enter入る
54%
To say, to describe言う
54%
To be able to do, to be permitted (to do)できる
54%
To think, to believe思う
54%
To practice練習する
46%
To giveあげる
46%
To study勉強する
46%
To use使う
46%
To wear (upper-body)着る
38%
To be able to speak, to be able to talk話せる
38%
To operate, to drive運転する
38%
To take (a picture)撮る
38%
To walk歩く
38%
To run走る
38%
To wait待つ
38%
To take off, to undress脱ぐ
31%
To learn, to take lessons in習う
31%
To get on, to board, to ride乗る
31%
To be, to become成る
31%
To draw, to paint, to sketch描く
31%
To wash, to cleanse, to rinse洗う
31%
To resemble, to look like似る
15%
To return返す
15%
To wear (lower-body)履く
15%
To put on (one's head), to wear被る
15%
To receive, to take, to acceptむらう
0%

Score Distribution

Percentile by Number Answered

Percent of People with Each Score

Your Score History

You have not taken this quiz